000 07187namaa22004451i 4500
003 EG-GICUC
005 20260505110201.0
008 260505s2025 ua a|||frm||| 000 0 eng d
040 _aEG-GICUC
_beng
_cEG-GICUC
_dEG-GICUC
_erda
041 0 _aeng
_beng
_bara
049 _aDeposit
082 0 4 _a615.82
092 _a615.82
_221
097 _aM.Sc
099 _aCai01.21.03.M.Sc.2025.Ab.C
100 0 _aAbdeltawab Mohamed Abdeltawab Hassoun,
_epreparation.
245 1 0 _aRelation between shoulder lateral rotators strength and hand grip strength after arthroscopic bankart repair /
_cby Abdeltawab Mohamed Abdeltawab Hassoun ; Supervisors Dr. Enas Fawzy Youssef, Dr. Mohamed Aboalata Mohamed, Dr. Mahmoud Mohamed Nabhan.
246 1 5 _aالعلاقة بين قوة عضلات مفصل الكتف الدورانية للخارج وقوة قبضة اليد بعد جراحة تصليح بنكرت عن طريق المنظار
264 0 _c2025.
300 _a106 pages :
_billustrations ;
_c25 cm. +
_eCD.
336 _atext
_2rda content
337 _aUnmediated
_2rdamedia
338 _avolume
_2rdacarrier
502 _aThesis (Ph.D)-Cairo University, 2025.
504 _aBibliography: pages 80-95.
520 3 _aBackground: Anterior shoulder instability is common in young, active individuals. Arthroscopic Bankart repair frequently performed to restore shoulder stability after recurrent shoulder dislocation. Full upper limb function relies on coordinated kinetic chain activity, with hand grip strength (HGS) serving as a simple indicator of overall upper limb strength especially the lateral rotators strength (LRS) of the shoulder. Purpose: To investigate the correlation between shoulder LRS and HGS at different shoulder abduction angles after arthroscopic Bankart repair surgery. Methods: A cross-sectional study was conducted on 15 patients (mean age 27.67 ± 6.72 years) at least six months post-arthroscopic Bankart repair. Isometric LRS and HGS were measured on both surgical and non-surgical sides at 0° abduction, 90° abduction with 0° external rotation, and 90° abduction with 70° external rotation using handheld and Jamar dynamometers. Pearson correlation analysis was used (P < 0.05). Results: Significant differences were observed between surgical and non-surgical limbs in HGS and LRS at 90° abduction with 0° external rotation and 90° abduction with 70° external rotation (P < 0.05). A significant positive correlation between HGS and LRS was found across all positions on the surgical side (r = 0.573–0.677, P < 0.05). Moreover, paired sample analysis revealed significantly lower HGS and ERS values on the surgical side compared to the contralateral limb at 90° abduction and at 90° abduction with 70° external rotation (p < 0.05). No significant side to side differences were observed at 0° abduction. Conclusion: A strong positive correlation exists between HGS and LRS post-Bankart repair, supporting their functional linkage. HGS may serve as a practical tool for monitoring shoulder rehabilitation.
520 3 _aمقدمة: عدم الاستقرار الأمامي لمفصل الكتف يُعد شائعًا بين الأفراد الشباب النشطين، ويُجرى الإصلاح بالمنظار لتمزق بنكرت بشكل متكرر لاستعادة ثبات الكتف بعد حالات الخلع المتكرر. يعتمد الأداء الكامل للطرف العلوي على نشاط متسلسل حركي متكامل حيث تُعد قوة قبضة اليد مؤشرًا بسيطًا على القوة الإجمالية للطرف العلوي خاصة قوة عضلات مفصل الكتف الدورانية للخارج. الهدف: التحقق من وجود ارتباط بين قوة عضلات مفصل الكتف الدورانية للخارج وقوة قبضة اليد عند زوايا مختلفة من تبعيد الكتف بعد عملية تصليح بنكرت عن طريق المنظارٍ. الطريقة: أجريت الدراسة على 15 مريضًا (متوسط العمر 27.67 ± 6.72 سنة) بعد مرور ما لا يقل عن ستة أشهر على إجراء الإصلاح بالمنظار لتمزق بنكرت. تم قياس القوة الثابتة لعضلات مفصل الكتف الدورانية للخارج وقوة قبضة اليد على الطرف الجراحي وغير الجراحي عند زوايا تبعيد 0°، و90° مع 0° من الدوران الخارجي، و90° مع 70° من الدوران الخارجي، باستخدام مقياس الدينامومتر اليدوي المحمول ودينامومتر "جامار". تم استخدام تحليل الارتباط لبيرسون (P < 0.05). النتائج: أظهرت النتائج وجود فروق ذات دلالة إحصائية بين الطرف الجراحي وغير الجراحي في قوة قبضة اليد وقوة عضلات مفصل الكتف الدورانية للخارج عند زاوية 90° تبعيد مع 0° من الدوران الخارجي، وكذلك عند 90° تبعيد مع 70° دوران خارجي (P < 0.05). كما وُجد ارتباط إيجابي ذو دلالة إحصائية بين قوة القبضة وقوة عضلات مفصل الكتف الدورانية للخارج في جميع الأوضاع بالطرف الجراحي (r = 0.573– 0.677, P < 0.05). علاوة على ذلك، أظهر تحليل العينات المزدوجة انخفاضًا ملحوظًا في قيم قوة قبضة اليد وقوة عضلات مفصل الكتف الدورانية للخارج في الطرف الجراحي مقارنة بالطرف المقابل عند تبعيد 90° مع 0° من الدوران الخارجي وعند تبعيد 90° مع 70° من الدوران الخارجي ° (p < 0.05). بينما لم تُسجل فروق معنوية بين الطرفين عند تبعيد °0 الخلاصة: يوجد ارتباط إيجابي قوي بين قوة قبضة اليد وقوة عضلات مفصل الكتف الدورانية للخارج بعد إصلاح بنكرت بالمنظار، مما يدعم ارتباطهما الوظيفي. قد تُستخدم قوة قبضة اليد كأداة عملية لمتابعة تأهيل اصابات الكتف.
530 _aIssues also as CD.
546 _aText in English and abstract in Arabic & English.
650 7 _aPhysical Therapy
650 7 _aالعلاج الطبيعي
653 1 _aArthroscopic Bankart repair
_alateral rotators strength
_ahand grip strength
_aإصلاح بنكرت بالمنظار
_aقوة قبضة اليد
700 0 _aEnas Fawzy Youssef
_ethesis advisor.
700 0 _aMohamed Aboalata Mohamed
_ethesis advisor.
700 0 _aMohamed Aboalata Mohamed
_ethesis advisor.
900 _b01-01-2025
_c Enas Fawzy Youssef
_cMohamed Aboalata Mohamed
_cMahmoud Mohamed Nabhan
_UCairo University
_FFaculty of Physical Therapy
_DDepartment of Physical Therapy for Musculoskeletal Disorders and its surgery
905 _aShimaa
942 _2ddc
_cTH
_e21
_n0
999 _c179974